Medien als Bildungsaufgabe in Ost und West : medienpaedagogisches Gespraech der Bertelsmann Stiftung in Kooperation mit der Bund-Laender-Kommission fuer Bildungsplanung am 25. und 26. Juni 1992 in Guetersloh
Αποθηκεύτηκε σε:
| Συλλογικό Έργο: | , |
|---|---|
| Μορφή: | Βιβλίο |
| Γλώσσα: | German |
| Δημοσίευση: |
Gutersloh :
Verlag Bertelsmann Stiftung,
1993
|
| Θέματα: | |
| Ετικέτες: |
Προσθήκη ετικέτας
Δεν υπάρχουν, Καταχωρήστε ετικέτα πρώτοι!
|
MARC
| LEADER | 00000nam a2200000 i 4500 | ||
|---|---|---|---|
| 001 | 1/12133 | ||
| 008 | 000919s1993 ger d | ||
| 020 | |a 3892040702 | ||
| 035 | |l 10064092 | ||
| 040 | |a GR-MY-UA |b gre |e aacr | ||
| 041 | 0 | |a ger | |
| 082 | 0 | |a 302.2307043 | |
| 245 | 1 | 0 | |a Medien als Bildungsaufgabe in Ost und West : |b medienpaedagogisches Gespraech der Bertelsmann Stiftung in Kooperation mit der Bund-Laender-Kommission fuer Bildungsplanung am 25. und 26. Juni 1992 in Guetersloh |
| 260 | |a Gutersloh : |b Verlag Bertelsmann Stiftung, |c 1993 | ||
| 300 | |a 205 p.; |b ill.; |c 21 cm | ||
| 504 | |a Includes bibliographical references | ||
| 650 | 0 | 0 | |a Mass media |x Study and teaching |z Germany. |
| 650 | 0 | 0 | |a Educational planning |z Germany. |
| 710 | 2 | |a Bertelsmann Stiftung. | |
| 710 | 2 | |a Bund-Lander-Kommission fur Bildungsplanung. | |
| 852 | |a INST |b RHODES |e 20000919 |h 302.2307043 MED |p 005400013850 |q 005400013850 |t BK |y 0 | ||
| 901 | |a BIBL4-2000-3 | ||
| 909 | |a Ρ |b 069293 | ||
| 922 | |a 4ΕΛΗ |b 199910 |c ΚΠΣ/154 |d LEADER BOOKS | ||
| 970 | |z 2000/09/ΣΟΦΙΑ | ||